000 01073nam0a22002291 4500
001 rc\4123421
005 20260408011258.0
035 _a(NLR Aleph) 007982331
090 _a8527555
_c8527555
100 _a20130415a19569999|||y0rusy50 ca
101 0 _arus
102 _aRU
105 _ay z |||||
200 1 _aИнформация и обмен опытом работы
_fГл. упр. переселения и организованного набора рабочих при Сов. министров РСФСР
210 _aМосква
_cБ. и.
_d1956-
710 0 1 _aРСФСР
_bГлавное управление переселения и организованного набора рабочих
_9841828
_3RU\NLR\AUTH\8810172999
801 0 _aRU
_bNLR
_gpsbo
801 1 _aRU
_bELAR
_2rusmarc
830 _aПеречень имеющихся в библиотеке томов, номеров, годов этого издания смотри в каталоге периодических изданий
852 _aNLR
_jП22/2352
942 _cBOOK
980 _aNB